10 most popular songs from the top 10 artists on Spotify - Statistics

General Stats
  • This quiz has been taken 144 times
  • The average score is 25 of 100
Answer Stats
Artist # of streams Song % Correct
The Weeknd 2,824,611,922 Blinding Lights
81%
Ed Sheeran 3,061,069,969 Shape of You
72%
Justin Bieber 448,820,543 Baby
63%
Justin Bieber 1,581,718,192 Sorry
61%
Imagine Dragons 2,002,377,916 Believer
59%
Ed Sheeran 1,991,097,476 Perfect
58%
Dua Lipa 447,454,474 Levitating
56%
Dua Lipa 1,240,606,590 Levitating (ft. DaBaby)
56%
Taylor Swift 724,425,031 Shake it Off
56%
Adele 1,056,463,342 Rolling in the Deep
55%
Taylor Swift 741,562,229 Blank Space
54%
Coldplay 1,084,360,048 Yellow
53%
Justin Bieber 1,736,594,526 Love Yourself
52%
Dua Lipa 1,643,046,692 New Rules
49%
Coldplay 1,025,451,539 Viva La Vida
48%
Imagine Dragons 1,297,643,850 Radioactive
45%
Imagine Dragons 1,674,702,992 Thunder
44%
The Weeknd 1,446,545,974 The Hills
43%
Dua Lipa 1,812,947,701 Don't Start Now
42%
Ed Sheeran 1,807,013,153 Photograph
41%
Adele 1,230,825,715 Someone Like You
41%
Eminem 1,327,435,044 Lose Yourself
40%
Ed Sheeran 1,948,745,643 Thinking Out Loud
40%
The Weeknd 936,448,585 Save Your Tears
39%
The Weeknd 655,221,026 Save Your Tears (with Ariana Grande)
39%
Justin Bieber 1,040,731,843 Peaches (ft. Daniel Caesar and Giveon)
38%
Imagine Dragons 1,365,556,194 Demons
37%
Adele 720,068,962 Easy on Me
37%
Eminem 879,244,428 The Real Slim Shady
37%
Adele 714,466,268 Set Fire to the Rain
35%
Doja Cat 654,171,085 Woman
34%
Ed Sheeran 945,073,271 Bad Habits
33%
Doja Cat 1,064,431,080 Kiss Me More (ft. SZA)
32%
Justin Bieber 1,540,960,942 Stay (with The Kid Laroi)
32%
Coldplay 1,232,741,197 The Scientist
32%
Dua Lipa 1,324,829,224 One Kiss (with Calvin Harris)
31%
Doja Cat 919,987,415 Say So
31%
Coldplay 1,751,459,893 Something Just Like This (with The Chainsmokers)
31%
Eminem 1,054,317,999 Without Me
27%
Coldplay 835,828,266 A Sky Full of Stars
26%
Eminem 806,821,931 Rap God
26%
Taylor Swift 234,449,636 All Too Well (10 Minutes) (Taylor's Version)
25%
Coldplay 723,549,531 Paradise
25%
Ed Sheeran 574,959,755 Shivers
25%
Imagine Dragons 79,171,998 Enemy
24%
Imagine Dragons 435,577,889 Enemy (with JID)
24%
Coldplay 838,203,971 Hymn For The Weekend
24%
Dua Lipa 1,235,641,520 IDGAF
24%
Coldplay 933,363,976 Fix You
23%
Taylor Swift 486,087,377 Lover
23%
Eminem 851,462,486 Godzilla (ft. Juice WRLD)
21%
Doja Cat 572,644,705 Streets
21%
Justin Bieber 358,187,787 Ghost
20%
Coldplay 467,915,798 My Universe (with BTS)
20%
Eminem 544,626,504 Stan
20%
Justin Bieber 1,485,283,963 I Don't Care (with Ed Sheeran)
19%
Eminem 932,534,744 Love the Way You Lie
19%
Coldplay 226,712,000 Sparks
17%
Dua Lipa 835,814,956 Break My Heart
16%
Dua Lipa 654,837,836 Cold Heart - PNAU Remix (with Elton John)
16%
Doja Cat 631,157,168 Need to Know
16%
Eminem 1,266,156,053 Till I Collapse
16%
Taylor Swift 141,633,346 Wildest Dreams (Taylor's Version)
16%
The Weeknd 319,964,104 You Right (with Doja Cat)
16%
Doja Cat 319,964,104 You Right (with The Weeknd)
16%
Imagine Dragons 823,552,626 Natural
15%
Adele 194,820,868 Oh My God
14%
Adele 862,902,566 When We Were Young
14%
Imagine Dragons 704,604,620 Bad Liar
13%
Ed Sheeran 1,036,439,869 Happier
13%
Eminem 653,895,649 Not Afraid
13%
The Weeknd 117,678,079 Sacrifice
13%
Imagine Dragons 827,564,041 Whatever it Takes
13%
Taylor Swift 351,554,985 exile (ft. Bon Iver)
11%
Taylor Swift 1,213,782,316 I Don't Wanna Live Forever (with Zayn)
11%
Adele 80,192,121 I Drink Wine
9%
The Weeknd 208,952,941 One Right Now (with Post Malone)
9%
Taylor Swift 208,496,669 Enchanted
8%
Doja Cat 275,171,318 Get Into It (Yuh)
8%
Justin Bieber 441,857,384 Anyone
7%
Dua Lipa 336,526,040 We're Good
7%
Doja Cat 579,743,262 Boss Bitch
6%
Adele 190,017,589 Love in the Dark
6%
The Weeknd 235,216,311 Moth to a Flame
6%
Imagine Dragons 915,760,570 Sucker For Pain (with Lil Wayne, Wiz Khalifa & Ty Dolla Sign ft. Logic)
6%
Adele 86,119,296 Can I Get It
5%
The Weeknd 331,520,907 Lost in the Fire
5%
Doja Cat 266,295,449 motive (with Ariana Grande)
5%
Ed Sheeran 127,767,924 Overpass Graffiti
5%
Justin Bieber 725,625,050 Stuck With U (with Ariana Grande)
5%
The Weeknd 124,786,908 La Fama
4%
Adele 66,983,811 My Little Love
4%
Taylor Swift 186,617,700 Paper Rings
4%
Ed Sheeran 59,241,328 Peru
4%
Taylor Swift 31,519,471 The Joker and The Queen (with Ed Sheeran)
4%
Ed Sheeran 31,519,471 The Joker and The Queen (with Taylor Swift)
4%
Dua Lipa 620,346,086 UN DIA (ONE DAY)
4%
Justin Bieber 768,123,436 10,000 Hours (with Dan + Shay)
3%
Doja Cat 276,469,955 Aint Sh*t
2%
Eminem 15,549,562 Gospel (with Dr. Dre)
2%
No matching quizzes found
Score Distribution
Percent of People with Each Score
Percentile by Number Answered
Your Score History
You have not taken this quiz